Študijný program 1994/95 Celouniverzitná časť
Na minha lista:
| Formato: | Livro |
|---|---|
| Idioma: | eslovaco |
| Publicado em: |
Bratislava
Rektorát EU
1994
|
| Edição: | 1. vyd. |
| Assuntos: | |
| Tags: |
Sem tags, seja o primeiro a adicionar uma tag!
|
MARC
| LEADER | 00000nam a2200000 4500 | ||
|---|---|---|---|
| 001 | c005662 | ||
| 005 | 20221214074942.5 | ||
| 020 | |a 80-225-0625-7 | ||
| 041 | 0 | |a slo | |
| 044 | |a SK | ||
| 245 | 1 | 0 | |a Študijný program 1994/95 |b Celouniverzitná časť |
| 250 | |a 1. vyd. | ||
| 264 | 1 | |a Bratislava |b Rektorát EU |c 1994 | |
| 300 | |a 23 s. | ||
| 610 | 2 | 0 | |a Ekonomická univerzita v Bratislave |
| 610 | 2 | 0 | |a univerzity |
| 610 | 2 | 0 | |a školy vysoké |
| 610 | 2 | 0 | |a štúdium vysokoškolské |
| 610 | 2 | 0 | |a plán učebný |
| 610 | 2 | 0 | |a odbory študijné |
| 610 | 2 | 0 | |a informácie |
| 610 | 2 | 0 | |a 1994-1995 |